000 00809nam a2200229Ia 4500
001 7249
003 GE_BSU
008 181216s||||||||xx |||||||||||||| ||und||
040 _cGE_BSU
080 _a629.33.45(075.8)
100 _aБурков,М.С.
245 _aСпециализированный подвижной состав автомобильного транспорта.
245 _cРед. Б.Б.Соловьев.
250 _a3-е изд., перераб. и доп.
260 _aМ.
260 _bТранспорт.
260 _c1979.
300 _a296стр.22см.с илл.библиогр.:стр.293.
300 _eтабл.
653 _aСпециализированный подвижной состав автомобильного транспорта.
942 _cBK
999 _c40622
_d40622